Agribusiness Resilience During the COVID-19 Pandemic: The Role of Credit Constraints

Tento dokument skúma vplyv úverových obmedzení pred pandémiou COVID a tlmiacu úlohu vládnej podpory na odolnosť agropodnikania po prepuknutí COVID-19. Pomocou súboru údajov pokrývajúceho 42 krajín poskytujeme empirické dôkazy o tom, ako charakteristiky firmy a úverové obmedzenia ovplyvňujú pravdepod...

Ausführliche Beschreibung

Gespeichert in:
Bibliographische Detailangaben
1. Verfasser: Özsuca, Ekin Ayse
Format: Buchkapitel
Sprache:Englisch
Schlagworte:
Tags: Tag hinzufügen
Keine Tags, Fügen Sie das erste Tag hinzu!

MARC

LEADER 00000naa a2200000 4500
001 0307909
005 20250331082935.4
041 0 |a eng 
044 |a CZ 
245 1 0 |a Agribusiness Resilience During the COVID-19 Pandemic: The Role of Credit Constraints  |c Ekin Ayse Özsuca 
520 |a Tento dokument skúma vplyv úverových obmedzení pred pandémiou COVID a tlmiacu úlohu vládnej podpory na odolnosť agropodnikania po prepuknutí COVID-19. Pomocou súboru údajov pokrývajúceho 42 krajín poskytujeme empirické dôkazy o tom, ako charakteristiky firmy a úverové obmedzenia ovplyvňujú pravdepodobnosť prežitia a výkonnosti agropodnikov počas pandémie. Na úrovni podniku sa zistilo, že veľkosť, zahraničné vlastníctvo a pohlavie manažéra vykazujú štatisticky významný vzťah s uzatváraním a predajom. 
610 2 0 |a pandémia 
610 2 0 |a agropodnikanie 
610 2 0 |a úver 
610 2 0 |a výkonnosť 
610 2 0 |a predaj 
100 1 |a Özsuca, Ekin Ayse